TV Debuts: 2004 Quiz Stats

 Plays Quiz Updated Jan 25, 2019

Support Sporcle.
Go Orange.
Score 0/20 Timer 04:00
1 Play Today
% Correct
House
97.8%
Joey
84.4%
The Apprentice
81%
Desperate Housewives
74.7%
Lost
72.7%
Extreme Makeover: Home Edition
61.8%
Pimp My Ride
59.4%
CSI: New York
59.3%
Entourage
55.1%
The Dog Whisperer with Cesar Millan
52.5%
% Correct
Project Runway
50.3%
Veronica Mars
48.7%
Boston Legal
40.5%
Rescue Me
39.4%
Deadwood
28.4%
Battlestar Galactica
22.4%
The L Word
20.4%
Drawn Together
18.2%
Fullmetal Alchemist
10%
Jack & Bobby
8.2%

You're not logged in!

Compare scores with friends on all Sporcle quizzes.
OR
Log In
Forgot?

From the Vault

Literature: Blank & Blank

by NJSB

Hopefully we can get Filled in Blank & Filled in Blank afterwards.
Remove Ads.
Support Sporcle.
Get the best of Sporcle when you Go Orange. This ad-free experience offers more features, more stats, and more fun while also helping to support Sporcle. Thank you for becoming a member.

Show Comments

Extras

Top Quizzes Today


Score Distribution

Your Account Isn't Verified!

In order to create a playlist on Sporcle, you need to verify the email address you used during registration. Go to your Sporcle Settings to finish the process.

Report this User

Report this user for behavior that violates our Community Guidelines.

Details: